Statistiken für WM Kader 2022 England

Klicken Sie hier um das Quiz zu spielen!

Allgemein

  • Dieses Quiz wurde 80 mal gespielt
  • Das Durchschnittsergebnis liegt bei 18 aus 27

Antwortstatistiken

PositionNR.VereinAntwort% Korrekt
ST9TottenhamHarry Kane
96%
GK1EvertonJordan Pickford
93%
MF22BVBJude Bellingham
91%
ST7Manchester CityJack Grealish
82%
ST10ChelseaRaheem Sterling
82%
GK23ArsenalAaron Ramsdale
81%
DF6Manchester UnitedHarry Maguire
81%
ST11Manchester UnitedMarcus Rashford
81%
ST20Manchester CityPhil Foden
81%
ST17ArsenalBukayo Saka
79%
MF8LiverpoolJordan Henderson
79%
GK13NewcastleNick Pope
79%
DF5Manchester CityJohn Stones
77%
MF4West HamDeclan Rice
75%
DF2Manchester CityKyle Walker
74%
DF15TottenhamEric Dier
70%
DF3Manchester UnitedLuke Shaw
68%
Coach-EnglandGareth Southgate
65%
DF18LiverpoolTrent Alexandetr-Arnold
60%
MF19ChelseaMason Mount
56%
DF21ArsenalBen White
54%
DF12NewcastleKieran Trippier
54%
ST24NewcastleCallum Wilson
51%
ST25Leicester CityJames Maddison
42%
MF26ChelseaConor Gallagher
40%
MF14Manchester CityKalvin Phillips
40%
DF16EvertonConor Coady
11%

Verteilung der Resultate

Perzentil nach korrekt beantworteten Fragen

Anzahl Personen mit jedem Resultat

Ihre Resultats-Entwicklung

Sie haben dieses Quiz noch nicht gespielt